000 00485nam a2200193Ia 4500
003 OSt
005 20260602092333.0
008 210210b1997 xxu||||| |||| 00| 0 eng d
040 _aAL
_c
041 _aEnglish
082 _a574 SURB
100 _aSURESHNATH (M L) & others.
_932785
245 _aBiology:
_ba text book for second year PUC
260 _aMangalore
_bDeepa Publishers
_c1997
300 _a443,xx
650 _aBiology
_932812
906 _a053053
942 _2ddc
_cBK
999 _c101096
_d101096